000 00985nam a2200217Ii 4500
003 JO-AjNU
008 230605s9999||||xx |||||||||||||| ||und||
017 _a1988/11/689
040 _aJO-AjNU
_bara
_erda
_cJO-AjNU
041 _aara
050 1 4 _aKMM379.5.N3464.1989
100 3 _a صالح ، نائل عبد الرحمن ,
_eauthor
_935389
245 0 0 _aشرح قانون العقوبات : الجرائم الواقعة على الاموال " القسم الخاص " الجرائم الواقعة على الاموال : جرائم السرقة والاحتيال واساءة الائتمان والملحقة بها
250 _a(د،ط)
264 3 1 _aعمان : دار الفكر ، 1989
300 _a274ص
336 _atext
_btxt
_2rdacontent
337 _aunmediated
_bn
_2rdamedia
338 _avolume
_bnc
_2rdacarrier
650 4 _aجرائم الأموال -- قوانين وتشريعات -- الأردن -- قانون العقوبات -- الأردن
_935390
999 _aA14606
_c18174
_d18174